Natural resources neither curse nor destiny

Guardado en:
Detalles Bibliográficos
Otros Autores: Lederman, Daniel, Maloney, William F.
Formato: Libro
Lenguaje:inglés
Publicado: Washington, D.C. <The> World Bank 2007
Colección:Latin American development forum series
Materias:
Etiquetas: Agregar Etiqueta
Sin Etiquetas, Sea el primero en etiquetar este registro!

MARC

LEADER 00000nam$a2200000$$$4500
001 0049865
005 20230120111849.1
020 |a 0-8213-6545-2 
020 |a 978-0-8213-6545-8 
041 0 |a eng 
044 |a US 
245 1 0 |a Natural resources  |b neither curse nor destiny  |c edited by: Daniel Lederman, William F. Maloney 
264 1 |a Washington, D.C.  |b <The> World Bank  |c 2007 
300 |a 369 s. 
490 1 |a Latin American development forum series 
830 0 |a Latin American development forum series 
610 2 0 |a zdroje prírodné 
610 2 0 |a zdroje surovinové 
610 2 0 |a vývoj hospodársky 
610 2 0 |a analýza ekonometrická 
610 2 0 |a rast hospodársky 
610 2 0 |a obchod 
610 2 0 |a kapitál ľudský 
610 2 0 |a inovácia 
610 2 0 |a produkcia 
610 2 0 |a konkurencieschopnosť 
610 2 0 |a ukazovatele 
700 1 |a Lederman, Daniel 
700 1 |a Maloney, William F.